000 00713cam a22002533a 4500
001 32461
003 PGUSA
005 20140828083713.0
008 100520s2010||||xxu|||||s|||||000 1 eng d
040 _aPGUSA
_beng
042 _adc
050 4 _aPT
100 1 _aDahn, Felix,
_d1834-1912
245 1 4 _aThe Scarlet Banner
_h[electronic resource] /
_cFelix Dahn
260 _bProject Gutenberg,
_c2010
506 _aPublic domain in the USA.
516 _aElectronic text
653 _aAfrica, North -- History -- 647-1517 -- Fiction
653 _aVandals -- Fiction
700 1 _aSafford, Mary J.
830 0 _aProject Gutenberg
_v32461
856 4 0 _uhttp://www.gutenberg.org/ebooks/32461
942 _cEB
999 _c261716
_d261716